Linear algebra with applications / (Record no. 16602)

MARC details
000 -LEADER
fixed length control field 00927pam a2200277 a 4500
001 - CONTROL NUMBER
control field 2600328
003 - CONTROL NUMBER IDENTIFIER
control field mut
005 - DATE AND TIME OF LATEST TRANSACTION
control field 20240606081359.0
008 - FIXED-LENGTH DATA ELEMENTS--GENERAL INFORMATION
fixed length control field 971124s1998 caua 001 0 eng
010 ## - LIBRARY OF CONGRESS CONTROL NUMBER
LC control number 97047341
020 ## - INTERNATIONAL STANDARD BOOK NUMBER
International Standard Book Number 0534955266 (acidfree paper)
040 ## - CATALOGING SOURCE
Transcribing agency mut
050 00 - LIBRARY OF CONGRESS CALL NUMBER
Classification number QA 184
Item number .N34 1998
082 00 - DEWEY DECIMAL CLASSIFICATION NUMBER
Classification number 512/.5
Edition information 21
100 1# - MAIN ENTRY--PERSONAL NAME
Personal name Nakos, George,
Dates associated with a name 1954-
245 10 - TITLE STATEMENT
Title Linear algebra with applications /
260 ## - PUBLICATION, DISTRIBUTION, ETC.
Place of publication, distribution, etc. Pacific Grove, CA :
Name of publisher, distributor, etc. Brooks/Cole Pub. Co.,
Date of publication, distribution, etc. c1998.
300 ## - PHYSICAL DESCRIPTION
Extent xviii, 666 p. :
Other physical details ill. (some col.) ;
Dimensions 25 cm.
500 ## - GENERAL NOTE
General note "A Gary W. Ostedt book"--T.p. verso.
500 ## - GENERAL NOTE
General note Includes index.
650 #0 - SUBJECT ADDED ENTRY--TOPICAL TERM
Topical term or geographic name entry element Algebras, Linear.
700 1# - ADDED ENTRY--PERSONAL NAME
Personal name Joyner, David,
Dates associated with a name 1959-
906 ## - LOCAL DATA ELEMENT F, LDF (RLIN)
a 7
b cbc
c orignew
d 1
e ocip
f 19
g y-gencatlg
942 ## - ADDED ENTRY ELEMENTS (KOHA)
Source of classification or shelving scheme Library of Congress Classification
Koha item type Books
Holdings
Withdrawn status Lost status Source of classification or shelving scheme Damaged status Not for loan Home library Current library Shelving location Date acquired Source of acquisition Total checkouts Full call number Barcode Date last seen Date last checked out Price effective from Koha item type
    Library of Congress Classification     Murang'a University of Technology Library Murang'a University of Technology Library General stacks 06/04/2018 Donation-TFC 3 QA 184 .N34 1998 020316 30/08/2024 23/11/2022 06/04/2018 Books